000 003620000a22001570004500
001 000385
003 MACL
040 _aMACL
090 _c385
_d385
100 _aMukerji, Dhan Gopal
245 _aGay N̜eck
_bThe Story Of A Pigeon
_cDhan Gopal Mukerji
260 _aNational Book Trust,
_c1998
350 _a20
650 _aChildren Books
942 _k742
_cBook
999 _c49692
_d49692